[Event "SR Extraliga 2017/2018"]
[Site "?"]
[Date "2018.03.03"]
[Round "10.1"]
[White "Navara, David"]
[Black "Erdos, Viktor"]
[Result "1-0"]
[WhiteElo "2737"]
[BlackElo "2627"]
[PlyCount "119"]
[EventDate "2017.??.??"]

1. e4 e5 2. Nf3 Nc6 3. Bb5 a6 4. Ba4 Nf6 5. O-O Nxe4 6. d4 b5 7. Bb3 d5 8. dxe5
Be6 9. Qe2 Nc5 10. Rd1 Nxb3 11. cxb3 Be7 12. Nc3 O-O 13. h3 Re8 14. Be3 f6 15.
Qd2 fxe5 16. Nxd5 Bxd5 17. Qxd5+ Qxd5 18. Rxd5 e4 19. Nd4 Nb4 20. Rd7 Bf6 21.
Rxc7 Nd3 22. a4 b4 23. Rb1 Rac8 24. Ra7 Ra8 25. Rxa8 Rxa8 26. Nf5 Be5 27. Rd1
Rf8 28. Ne7+ Kf7 29. Nc6 Ke6 30. f3 Rc8 31. fxe4 Rxc6 32. Rxd3 Bxb2 33. Kf2 Ke5
34. Kf3 Rf6+ 35. Ke2 Kxe4 36. Bc5 Bc3 37. Rg3 Rf5 38. Rg4+ Rf4 39. Rg5 Bf6 40.
Rg3 Bc3 41. Bd6 Rf6 42. Rg4+ Kd5 43. Bxb4 Bxb4 44. Rxb4 Rg6 45. Rg4 Re6+ 46.
Kd3 g6 47. Rh4 Re7 48. Rd4+ Kc5 49. b4+ Kc6 50. Rf4 Re6 51. g4 a5 52. bxa5 Re1
53. Rf7 h5 54. a6 Ra1 55. Rf6+ Kd5 56. Rxg6 Ra3+ 57. Kc2 hxg4 58. Rg5+ Kc6 59.
Ra5 Kb6 60. a7 1-0

[Event "SR Extraliga 2017/2018"]
[Site "?"]
[Date "2018.03.03"]
[Round "10.2"]
[White "Vajda, Levente"]
[Black "Babula, Vlastimil"]
[Result "1/2-1/2"]
[WhiteElo "2584"]
[BlackElo "2556"]
[PlyCount "185"]
[EventDate "2017.??.??"]

1. Nf3 Nf6 2. g3 b6 3. d3 Bb7 4. e4 d6 5. Bg2 g6 6. O-O Bg7 7. a4 c5 8. a5 O-O
9. Nbd2 Nc6 10. a6 Bc8 11. e5 dxe5 12. Nxe5 Nxe5 13. Bxa8 Bg4 14. f3 Bh3 15.
Bb7 Bxf1 16. Qxf1 Qd7 17. Qe2 Nd5 18. Nc4 Nc6 19. c3 e6 20. Kg2 Nd8 21. Ne5 Qc7
22. Bxd5 exd5 23. Ng4 Ne6 24. Nh6+ Kh8 25. Bd2 Re8 26. Qd1 Qd7 27. Qa4 Qxa4 28.
Rxa4 Re7 29. Ng4 c4 30. d4 Kg8 31. Kf1 f5 32. Ne3 Rd7 33. Ng2 Kf7 34. Bf4 Nxf4
35. Nxf4 Bh6 36. Ng2 Bc1 37. Ke2 Re7+ 38. Kd1 Be3 39. Rb4 Bg1 40. Nf4 Bxh2 41.
Nxd5 Rd7 42. Nf4 Bxg3 43. Ne2 Bd6 44. Rxc4 Rc7 45. Rxc7+ Bxc7 46. d5 h5 47. Nd4
h4 48. Ke2 h3 49. Kf1 Bf4 50. d6 Bxd6 51. Nc6 g5 52. Nxa7 g4 53. Nb5 Bf4 54.
fxg4 fxg4 55. a7 g3 56. a8=Q g2+ 57. Qxg2 hxg2+ 58. Kxg2 Ke6 59. Kf3 Bc1 60. b3
Kd5 61. Ke2 Kc5 62. Nd4 b5 63. Kd3 Bh6 64. Nf5 Bg5 65. Ng3 Kd5 66. Nh1 Bf6 67.
Nf2 Bg7 68. Ng4 Kc5 69. Ne3 Bf6 70. Nf5 Kd5 71. Nd4 Kc5 72. b4+ Kb6 73. Ke4 Bg7
74. Kd5 Bh6 75. Nf3 Bf4 76. Ke4 Bh6 77. Ne5 Bd2 78. Kd4 Be1 79. Nf3 Bg3 80. Ke4
Kc6 81. Nd4+ Kb6 82. Kd5 Be1 83. Ne2 Bd2 84. Kd6 Kb7 85. Kc5 Ka6 86. Kc6 Be1
87. c4 bxc4 88. b5+ Ka7 89. b6+ Kb8 90. b7 c3 91. Nd4 Bf2 92. Nc2 Bc5 93. Kxc5
1/2-1/2

[Event "SR Extraliga 2017/2018"]
[Site "?"]
[Date "2018.03.03"]
[Round "10.3"]
[White "Markos, Jan"]
[Black "Petenyi, Tamas"]
[Result "1/2-1/2"]
[WhiteElo "2563"]
[BlackElo "2450"]
[PlyCount "91"]
[EventDate "2017.??.??"]

1. d4 Nf6 2. c4 Nc6 3. Nf3 e6 4. g3 Bb4+ 5. Bd2 Qe7 6. Nc3 O-O 7. Bg2 d5 8. a3
Bxc3 9. Bxc3 Ne4 10. Qc2 Nd6 11. c5 Ne4 12. b4 b6 13. b5 Nxc3 14. Qxc3 Na5 15.
Nd2 c6 16. bxc6 Ba6 17. O-O Rac8 18. Rfb1 Rxc6 19. e4 Rd8 20. exd5 exd5 21. Re1
Re6 22. Nf3 Nc4 23. Rxe6 Qxe6 24. Re1 Qf6 25. Qb4 g6 26. h4 h6 27. Ne5 Nxe5 28.
dxe5 Qe6 29. cxb6 axb6 30. Qd4 Bc4 31. a4 Ra8 32. Rb1 Ra6 33. Kh2 g5 34. Bh3
Qg6 35. Re1 Qd3 36. Qb2 Qb3 37. Qc1 Qf3 38. Qc2 Qd3 39. Qxd3 Bxd3 40. hxg5 hxg5
41. e6 fxe6 42. Bxe6+ Kg7 43. Bxd5 Rxa4 44. Re7+ Kh8 45. Re8+ Kg7 46. Re7+
1/2-1/2

[Event "SR Extraliga 2017/2018"]
[Site "?"]
[Date "2018.03.03"]
[Round "10.4"]
[White "Nemeth, Miklos"]
[Black "Kriebel, Tadeas"]
[Result "1-0"]
[WhiteElo "2492"]
[BlackElo "2520"]
[PlyCount "125"]
[EventDate "2017.??.??"]

1. e4 e5 2. Nf3 Nc6 3. Bc4 Bc5 4. O-O Nf6 5. d3 O-O 6. Nbd2 a6 7. a4 Ba7 8. h3
d6 9. c3 h6 10. Re1 Be6 11. Bb3 Qd7 12. Nf1 Rad8 13. Be3 Bxe3 14. Nxe3 Rfe8 15.
a5 Qc8 16. Ba4 Rf8 17. d4 Ne7 18. d5 Bd7 19. Bxd7 Qxd7 20. Nd2 Ng6 21. c4 Nf4
22. Ra3 g6 23. Kh2 Kg7 24. Qc2 h5 25. Nf3 Rh8 26. c5 dxc5 27. Nxe5 Qe7 28. N3c4
Ng4+ 29. Nxg4 hxg4 30. Qc3+ Kg8 31. Qe5 Qxe5 32. Nxe5 gxh3 33. g3 Nh5 34. Rf3
Rh7 35. g4 Re8 36. Nd3 Ng7 37. Nxc5 f5 38. gxf5 Nxf5 39. Rxh3 Nd6 40. Rxh7 Kxh7
41. f3 Re5 42. Rc1 Kh6 43. Kg3 g5 44. b4 Re7 45. Rh1+ Kg6 46. Rh8 Nf7 47. Rg8+
Kh5 48. Ne6 Kh6 49. Rc8 c6 50. dxc6 bxc6 51. Rxc6 Ne5 52. Rxa6 Kh5 53. Nd4 Rd7
54. Nf5 Ng6 55. Rd6 Rb7 56. Rb6 Rc7 57. a6 Rc2 58. b5 Ra2 59. Rd6 g4 60. Ng7+
Kg5 61. Rd5+ Kf6 62. Nh5+ Ke6 63. Nf4+ 1-0

[Event "SR Extraliga 2017/2018"]
[Site "?"]
[Date "2018.03.03"]
[Round "10.5"]
[White "Mrva, Martin"]
[Black "Bokros, Albert"]
[Result "1-0"]
[WhiteElo "2414"]
[BlackElo "2493"]
[PlyCount "141"]
[EventDate "2017.??.??"]

1. e4 c5 2. Nf3 e6 3. Nc3 a6 4. d4 cxd4 5. Nxd4 Qc7 6. g3 Bb4 7. Qd3 Nf6 8. Bg2
Nc6 9. Nxc6 bxc6 10. O-O Be7 11. Bf4 e5 12. Be3 O-O 13. b3 d6 14. Na4 h6 15. c4
Nd7 16. f4 a5 17. f5 Bb7 18. Rad1 Nf6 19. h3 d5 20. Nb6 Rad8 21. cxd5 cxd5 22.
Nxd5 Bxd5 23. exd5 Bc5 24. Rc1 Bxe3+ 25. Qxe3 Qb8 26. Rfd1 e4 27. Rc5 Qb6 28.
Rc3 Qb8 29. Qc5 Rfe8 30. d6 Rd7 31. Kh2 h5 32. Bf1 Red8 33. Be2 Rxd6 34. Rxd6
Rxd6 35. Qc8+ Qxc8 36. Rxc8+ Kh7 37. Bc4 Rd2+ 38. Kg1 g6 39. Rc6 Kg7 40. fxg6
Kxg6 41. a4 e3 42. Ra6 Kf5 43. Rxa5+ Ke4 44. Kf1 Nd7 45. Rxh5 Ne5 46. Be2 Rb2
47. Rh4+ Kd5 48. Bc4+ Nxc4 49. bxc4+ Kc5 50. Re4 Rf2+ 51. Ke1 Rf3 52. Ke2 Rxg3
53. Rxe3 Rg1 54. Re4 Rg3 55. h4 Ra3 56. Kf2 Rxa4 57. h5 Ra6 58. Rh4 Rh6 59. Ke3
f6 60. Kd3 Kc6 61. Ke4 Kc5 62. Kf5 Kd6 63. Ke4 Kc5 64. Kd3 Kc6 65. Kd4 Kd6 66.
Rh1 Kc6 67. c5 Kc7 68. Kd5 Kd7 69. Rh2 Kc7 70. Ke6 Kc6 71. Kf7 1-0

[Event "SR Extraliga 2017/2018"]
[Site "?"]
[Date "2018.03.03"]
[Round "10.6"]
[White "Czebe, Attila"]
[Black "Pinter, Erik"]
[Result "0-1"]
[WhiteElo "2436"]
[BlackElo "2367"]
[PlyCount "58"]
[EventDate "2017.??.??"]

1. Nf3 c5 2. b3 d6 3. g3 e5 4. Bg2 g6 5. O-O Bg7 6. c3 Nc6 7. Na3 Nge7 8. Nc2
O-O 9. e4 d5 10. d3 d4 11. cxd4 cxd4 12. b4 a6 13. a4 Bd7 14. Nd2 Nc8 15. Nc4
Be6 16. Bd2 Nb6 17. Nxb6 Qxb6 18. Rb1 Rfc8 19. b5 axb5 20. axb5 Na7 21. Nb4
Nxb5 22. Nd5 Bxd5 23. exd5 Qa6 24. Qb3 Nc3 25. Bxc3 dxc3 26. Rfc1 Qxd3 27. d6
Bh6 28. Bxb7 Bxc1 29. Bxa8 Bb2 0-1

[Event "SR Extraliga 2017/2018"]
[Site "?"]
[Date "2018.03.03"]
[Round "10.7"]
[White "Pcola, Pavol"]
[Black "Varga, Zoltan"]
[Result "1/2-1/2"]
[WhiteElo "2379"]
[BlackElo "2458"]
[PlyCount "39"]
[EventDate "2017.??.??"]

1. Nf3 d5 2. g3 c5 3. Bg2 Nc6 4. d4 e6 5. O-O Nf6 6. b3 Be7 7. Bb2 O-O 8. Nbd2
b5 9. Ne5 Nxd4 10. e3 Nf5 11. e4 Nh6 12. exd5 exd5 13. Nc6 Qc7 14. Nxe7+ Qxe7
15. c4 Be6 16. Bxf6 Qxf6 17. cxd5 Bg4 18. Ne4 Qb6 19. Qd2 Bf5 20. Nc3 1/2-1/2

[Event "SR Extraliga 2017/2018"]
[Site "?"]
[Date "2018.03.03"]
[Round "10.8"]
[White "Bagi, Mate"]
[Black "Pcola, Jaroslav"]
[Result "1-0"]
[WhiteElo "2428"]
[BlackElo "2102"]
[PlyCount "59"]
[EventDate "2017.??.??"]

1. e4 c5 2. Nf3 Nc6 3. d4 cxd4 4. Nxd4 g6 5. c4 Nf6 6. Nc3 d6 7. Be2 Nxd4 8.
Qxd4 Bg7 9. Be3 O-O 10. Qd2 a5 11. Rd1 a4 12. O-O Qa5 13. Bd4 Bd7 14. f4 e5 15.
Be3 Bc6 16. f5 a3 17. b4 Qxb4 18. Rb1 Qa5 19. Bb6 Nxe4 20. Nxe4 Qxd2 21. Nxd2
Bh6 22. Nb3 Be4 23. fxg6 hxg6 24. Rbe1 f5 25. Bf3 Bd3 26. Bd5+ Kg7 27. Rf3 Bc2
28. Rc3 Be4 29. Bxe4 fxe4 30. Be3 1-0

[Event "SR Extraliga 2017/2018"]
[Site "?"]
[Date "2018.03.03"]
[Round "10.1"]
[White "Gazik, Viktor"]
[Black "Cernousek, Lukas"]
[Result "1-0"]
[WhiteElo "2475"]
[BlackElo "2464"]
[PlyCount "53"]
[EventDate "2017.??.??"]

1. e4 c5 2. Nf3 d6 3. d4 Nf6 4. Nc3 cxd4 5. Nxd4 a6 6. h3 e5 7. Nde2 h5 8. Ng1
Nbd7 9. Nf3 b5 10. Bd3 Bb7 11. Qe2 Be7 12. O-O Rc8 13. Ng5 Nc5 14. f4 h4 15.
Qf3 b4 16. Nd1 d5 17. Nxf7 Kxf7 18. fxe5 Nxd3 19. exf6 Bxf6 20. cxd3 dxe4 21.
dxe4 Qd4+ 22. Nf2 Rhe8 23. Bg5 Rc6 24. Rad1 Qxb2 25. Qh5+ Kf8 26. Rd7 Qxa2 27.
Rxb7 1-0

[Event "SR Extraliga 2017/2018"]
[Site "?"]
[Date "2018.03.03"]
[Round "10.2"]
[White "Ponizil, Cyril"]
[Black "Balog, Imre"]
[Result "1-0"]
[WhiteElo "2484"]
[BlackElo "2558"]
[PlyCount "77"]
[EventDate "2017.??.??"]

1. e4 g6 2. d4 Bg7 3. Nc3 d6 4. f4 Nf6 5. Nf3 O-O 6. Bd3 Nc6 7. O-O Bg4 8. e5
Nd7 9. Be3 Nb4 10. Be4 f5 11. Bxb7 Rb8 12. a3 Rxb7 13. axb4 Rxb4 14. Rxa7 Rxb2
15. Qa1 Qb8 16. Ng5 Rxc2 17. Rb1 Nb6 18. Ra2 h6 19. Ne6 Rxa2 20. Qxa2 Qa8 21.
Qb3 Rf7 22. Nxc7 Qc6 23. Ne6 Qc4 24. h3 Bh5 25. Bf2 g5 26. fxg5 f4 27. exd6
exd6 28. Nxg7 Kxg7 29. Qxb6 Qxc3 30. Qxd6 hxg5 31. Rb6 Qc1+ 32. Kh2 Qc7 33.
Qh6+ Kg8 34. Rc6 Qd7 35. d5 g4 36. Bd4 g3+ 37. Kh1 Rh7 38. Qg5+ Kf8 39. Bc5+
1-0

[Event "SR Extraliga 2017/2018"]
[Site "?"]
[Date "2018.03.03"]
[Round "10.3"]
[White "Aczel, Gergely"]
[Black "Motuz, Karol"]
[Result "1-0"]
[WhiteElo "2557"]
[BlackElo "2407"]
[PlyCount "161"]
[EventDate "2017.??.??"]

1. d4 d5 2. c4 c6 3. cxd5 cxd5 4. Bf4 Nc6 5. e3 Nf6 6. Nc3 Bf5 7. Qb3 Na5 8.
Qa4+ Bd7 9. Qc2 e6 10. Nf3 Be7 11. Bd3 Nc6 12. a3 Nh5 13. Be5 f6 14. Bg3 f5 15.
Ne5 Nxg3 16. Nxc6 Bxc6 17. hxg3 Rc8 18. g4 g6 19. gxf5 gxf5 20. Rh6 Kd7 21.
O-O-O Qg8 22. g3 Kc7 23. Rdh1 Kb8 24. Kb1 Bf8 25. R6h2 h6 26. Qd1 Bg7 27. Ne2
Qf7 28. Rh5 Rhd8 29. Nf4 Rd6 30. g4 fxg4 31. Qxg4 Bd7 32. Qg3 Ka8 33. Rg1 Bf8
34. Qg8 Qf6 35. Rc1 Rxc1+ 36. Kxc1 Rc6+ 37. Kb1 Rc8 38. Qg6 Qe7 39. Rh1 a6 40.
Rg1 Ka7 41. Ka2 Rc6 42. Qh7 Qxh7 43. Bxh7 Bd6 44. Nd3 Rc7 45. Ne5 Be8 46. Bd3
Kb6 47. Rg8 Re7 48. Rh8 h5 49. Kb3 Kc7 50. Kc3 Bxe5 51. dxe5 Kd7 52. Be2 Rg7
53. Bxh5 Bxh5 54. Rxh5 Rg2 55. Rh7+ Ke8 56. Rxb7 Rxf2 57. b3 a5 58. Kd4 Rc2 59.
a4 Re2 60. Ra7 Rb2 61. Rxa5 Rxb3 62. Ra7 Kd8 63. a5 Ra3 64. Kc5 Rxe3 65. Kd6
Kc8 66. Rc7+ Kb8 67. Rd7 d4 68. Kxe6 d3 69. Kf6 Kc8 70. e6 Rf3+ 71. Ke7 Rh3 72.
Rd4 Kc7 73. a6 Kb6 74. Rd6+ Kc7 75. Rd7+ Kb8 76. Kf6 Rf3+ 77. Ke7 Rh3 78. Kf7
Rf3+ 79. Ke8 Kc8 80. a7 Rf8+ 81. Kxf8 1-0

[Event "SR Extraliga 2017/2018"]
[Site "?"]
[Date "2018.03.03"]
[Round "10.4"]
[White "Roubalik, Jakub"]
[Black "Horvath, Csaba"]
[Result "1/2-1/2"]
[WhiteElo "2385"]
[BlackElo "2515"]
[PlyCount "30"]
[EventDate "2017.??.??"]

1. d4 Nf6 2. c4 e6 3. Nf3 d5 4. Nc3 dxc4 5. e4 Bb4 6. Bg5 h6 7. Bxf6 Qxf6 8.
Bxc4 c5 9. e5 Qd8 10. O-O O-O 11. Qe2 cxd4 12. Rad1 Nc6 13. Nb5 Bd7 14. Qe4 Bc5
15. Nbxd4 Nxd4 1/2-1/2

[Event "SR Extraliga 2017/2018"]
[Site "?"]
[Date "2018.03.03"]
[Round "10.5"]
[White "Vass, Frantisek"]
[Black "Piesik, Piotr"]
[Result "1-0"]
[WhiteElo "2319"]
[BlackElo "2374"]
[PlyCount "111"]
[EventDate "2017.??.??"]

1. d4 Nf6 2. Nf3 g6 3. c4 Bg7 4. Nc3 O-O 5. e4 d6 6. Be2 Nbd7 7. Nd2 e5 8. d5
a5 9. h4 h5 10. f3 Nc5 11. Nb3 Ne8 12. Nxc5 dxc5 13. Bg5 Bf6 14. Qd2 Bxg5 15.
hxg5 f6 16. gxf6 Qxf6 17. g3 Bd7 18. O-O-O Nd6 19. a4 Rae8 20. Rh4 Re7 21. Rdh1
Kf7 22. Qe3 b6 23. Kb1 Ke8 24. Rf1 Rff7 25. Rh2 Kd8 26. Ka1 Kc8 27. Bd3 Rh7 28.
Rfh1 Rhg7 29. Rf1 Be8 30. g4 Rh7 31. g5 Qh8 32. Rh4 Rhf7 33. f4 exf4 34. Rhxf4
Rxf4 35. Rxf4 Qe5 36. Rf6 Qd4 37. Qh3+ Kb7 38. Qf1 Re5 39. Re6 Rxg5 40. Ka2 Qg7
41. Qf4 Rg4 42. Qh2 Bd7 43. Rxd6 cxd6 44. Qxd6 Rg5 45. Nb5 Bxb5 46. axb5 Qc7
47. Qf6 Qe5 48. Qc6+ Ka7 49. d6 Rg2 50. Qc7+ Ka8 51. Qc8+ Ka7 52. Qa6+ Kb8 53.
Qxb6+ Ka8 54. Qxa5+ Kb8 55. Qd8+ Kb7 56. Qe7+ 1-0

[Event "SR Extraliga 2017/2018"]
[Site "?"]
[Date "2018.03.03"]
[Round "10.6"]
[White "Zpevak, Pavel"]
[Black "Chovan, Milan"]
[Result "1/2-1/2"]
[WhiteElo "2337"]
[BlackElo "2332"]
[PlyCount "92"]
[EventDate "2017.??.??"]

1. d4 Nf6 2. c4 g6 3. Nc3 d5 4. Nf3 Bg7 5. cxd5 Nxd5 6. Bd2 O-O 7. Rc1 Nb6 8.
Bg5 h6 9. Bh4 g5 10. Bg3 c5 11. e3 cxd4 12. Nxd4 Nc6 13. Nxc6 Qxd1+ 14. Nxd1
bxc6 15. Be2 Be6 16. b3 Nd5 17. a3 Nf6 18. Bc4 Bd5 19. f3 Nh5 20. Bc7 Rfc8 21.
Ba5 Bxc4 22. Rxc4 Rab8 23. b4 Nf6 24. e4 Nd7 25. Ne3 c5 26. Nf5 Bf8 27. O-O e6
28. Ne3 Ne5 29. Rc2 cxb4 30. Rxc8 Rxc8 31. Bxb4 Bc5 32. Bxc5 Rxc5 33. Ra1 Rc3
34. Nd1 Rb3 35. a4 Kg7 36. a5 a6 37. h3 Rb5 38. Ne3 Rc5 39. Ra4 Rc3 40. Kf2 Rc5
41. Kg3 Rb5 42. h4 Kg6 43. hxg5 hxg5 44. Nc2 Nc6 45. Rc4 Nxa5 46. Ra4 Rc5
1/2-1/2

[Event "SR Extraliga 2017/2018"]
[Site "?"]
[Date "2018.03.03"]
[Round "10.7"]
[White "Cibickova, Zuzana"]
[Black "Vojtek, Vladimir"]
[Result "0-1"]
[WhiteElo "2320"]
[BlackElo "2291"]
[PlyCount "112"]
[EventDate "2017.??.??"]

1. e4 c5 2. Nf3 d6 3. d4 cxd4 4. Nxd4 Nf6 5. Nc3 a6 6. Bg5 e6 7. f4 Qb6 8. Qd2
Qxb2 9. Rb1 Qa3 10. e5 h6 11. Bh4 dxe5 12. fxe5 Nd5 13. Nxd5 exd5 14. e6 Bxe6
15. Nxe6 fxe6 16. Bd3 Be7 17. Bg6+ Kd8 18. Bxe7+ Qxe7 19. O-O Nd7 20. Rxb7 Qc5+
21. Kh1 Rb8 22. Rxb8+ Nxb8 23. Qf4 Nd7 24. Qh4+ Kc7 25. Qg3+ Kd8 26. Bd3 Rf8
27. Re1 e5 28. Qxg7 e4 29. Bxa6 Qb6 30. Rf1 Rxf1+ 31. Bxf1 Qf2 32. Qg8+ Ke7 33.
Qg7+ Kd8 34. Qg8+ Kc7 35. Qg3+ Qxg3 36. hxg3 Kb6 37. Kg1 Ka5 38. Kf2 d4 39. Bc4
Kb4 40. Bd5 Nf6 41. Bb3 Ng4+ 42. Ke1 Ne3 43. Kd2 Nf1+ 44. Ke2 Nxg3+ 45. Kd2
Nf1+ 46. Kc1 Ne3 47. Bf7 Kc3 48. Bg6 d3 49. cxd3 exd3 50. Bh5 d2+ 51. Kb1 Nxg2
52. a4 Nf4 53. Bd1 h5 54. a5 h4 55. a6 Nd5 56. a7 Nb6 0-1

[Event "SR Extraliga 2017/2018"]
[Site "?"]
[Date "2018.03.03"]
[Round "10.8"]
[White "Bombek, Peter"]
[Black "Gazik, Igor"]
[Result "1-0"]
[WhiteElo "2224"]
[BlackElo "2242"]
[PlyCount "81"]
[EventDate "2017.??.??"]

1. Nf3 Nf6 2. d4 g6 3. g3 d5 4. Bg2 Bg7 5. O-O O-O 6. c4 dxc4 7. Na3 Nc6 8.
Nxc4 Be6 9. b3 Bd5 10. Bb2 a5 11. Rc1 Ra6 12. Re1 a4 13. bxa4 Qa8 14. Nfe5 Bxg2
15. Kxg2 b5 16. d5 Nxe5 17. Nxe5 Nxd5 18. e4 Nf6 19. Rxc7 Rxa4 20. Nc6 Rxa2 21.
Nxe7+ Kh8 22. Bxf6 Bxf6 23. Nd5 Be5 24. Re7 Qb8 25. Qd3 Rb2 26. Rb1 Rxb1 27.
Qxb1 Kg8 28. Qb3 Bg7 29. Rc7 h5 30. h4 Kh7 31. Qf3 Kg8 32. g4 hxg4 33. Qxg4 Be5
34. Rc6 Qe8 35. Rb6 Bd4 36. h5 Kg7 37. Rb7 Qc6 38. Rc7 Qd6 39. Rd7 Qa6 40. Nc7
Qc8 41. Ne6+ 1-0

[Event "SR Extraliga 2017/2018"]
[Site "?"]
[Date "2018.03.03"]
[Round "10.1"]
[White "Nagy, Gabor"]
[Black "Miton, Kamil"]
[Result "1/2-1/2"]
[WhiteElo "2481"]
[BlackElo "2606"]
[PlyCount "26"]
[EventDate "2017.??.??"]

1. Nf3 Nf6 2. c4 c6 3. g3 d5 4. Bg2 Bg4 5. Ne5 Be6 6. cxd5 Bxd5 7. Nf3 c5 8.
Nc3 Bc6 9. O-O g6 10. a3 Bg7 11. b4 Nd5 12. Qb3 Nxc3 13. dxc3 O-O 1/2-1/2

[Event "SR Extraliga 2017/2018"]
[Site "?"]
[Date "2018.03.03"]
[Round "10.2"]
[White "Antoniewski, Rafal"]
[Black "Michalicka, Milan"]
[Result "1-0"]
[WhiteElo "2529"]
[BlackElo "2164"]
[PlyCount "57"]
[EventDate "2017.??.??"]

1. e4 c5 2. Nf3 g6 3. c3 Bg7 4. d4 cxd4 5. cxd4 d5 6. e5 Bg4 7. Bb5+ Nd7 8. O-O
e6 9. Nbd2 a6 10. Be2 Rc8 11. Nb3 Ne7 12. h3 Bf5 13. Ne1 Qc7 14. Bd2 Bc2 15.
Nxc2 Qxc2 16. Qxc2 Rxc2 17. Rfc1 Rxc1+ 18. Rxc1 Nc6 19. Bxa6 bxa6 20. Rxc6 Nb8
21. Rc7 O-O 22. Bb4 Re8 23. Bd6 Bf8 24. Na5 Kg7 25. b4 Bxd6 26. exd6 Rd8 27.
Nb7 Rd7 28. Rxd7 Nxd7 29. Nc5 1-0

[Event "SR Extraliga 2017/2018"]
[Site "?"]
[Date "2018.03.03"]
[Round "10.3"]
[White "Haring, Viktor"]
[Black "Bulski, Krzysztof"]
[Result "1/2-1/2"]
[WhiteElo "2306"]
[BlackElo "2537"]
[PlyCount "48"]
[EventDate "2017.??.??"]

1. e4 e5 2. Nf3 Nc6 3. Bb5 a6 4. Ba4 Nf6 5. O-O Nxe4 6. d4 b5 7. Bb3 d5 8. dxe5
Be6 9. c3 Be7 10. Nbd2 O-O 11. Bc2 f5 12. Nb3 Qd7 13. Nbd4 Nxd4 14. Nxd4 c5 15.
Nxe6 Qxe6 16. f3 Ng5 17. a4 Rad8 18. axb5 axb5 19. Ra7 Rd7 20. Rxd7 Qxd7 21.
Be3 g6 22. Qd2 Ne6 23. Rd1 Rd8 24. b4 Qc7 1/2-1/2

[Event "SR Extraliga 2017/2018"]
[Site "?"]
[Date "2018.03.03"]
[Round "10.4"]
[White "Tazbir, Marcin"]
[Black "Haring, Filip"]
[Result "1/2-1/2"]
[WhiteElo "2526"]
[BlackElo "2337"]
[PlyCount "42"]
[EventDate "2017.??.??"]

1. e4 c5 2. Nf3 e6 3. d3 Nc6 4. g3 d6 5. Bg2 Nf6 6. O-O Be7 7. c3 O-O 8. Qe2 e5
9. a3 Be6 10. b4 a6 11. h3 Rc8 12. Nbd2 d5 13. exd5 Nxd5 14. Bb2 Nb6 15. Rad1
Qd7 16. Kh2 f6 17. Rfe1 Bf7 18. Ne4 cxb4 19. axb4 Rfd8 20. Ba1 Qc7 21. Rb1 Nd5
1/2-1/2

[Event "SR Extraliga 2017/2018"]
[Site "?"]
[Date "2018.03.03"]
[Round "10.5"]
[White "Sorkovsky, Miroslav"]
[Black "Jurcik, Martin"]
[Result "1/2-1/2"]
[WhiteElo "2122"]
[BlackElo "2328"]
[PlyCount "81"]
[EventDate "2017.??.??"]

1. e4 g6 2. d4 Bg7 3. Nc3 c6 4. f4 d5 5. e5 Nh6 6. Nf3 f6 7. Be3 Bg4 8. h3 Bxf3
9. Qxf3 O-O 10. exf6 exf6 11. g4 f5 12. O-O-O Nd7 13. Bd3 b5 14. Ne2 Nb6 15.
Ng3 Nc4 16. gxf5 gxf5 17. Nh5 Kh8 18. Nxg7 Kxg7 19. Rhg1+ Kh8 20. Bf2 Nd6 21.
Qh5 Ng8 22. Bh4 Qe8 23. Qf3 Nf6 24. Rg2 Nfe4 25. Rdg1 Qf7 26. Bg5 Rg8 27. h4
Rae8 28. h5 Re6 29. h6 Reg6 30. Qh3 Nxg5 31. fxg5 Qe7 32. Re2 Ne4 33. Qxf5 Rxg5
34. Rxg5 Rxg5 35. Qf1 Rg4 36. Kb1 Qf7 37. Qc1 Qf6 38. c3 Rf4 39. Bxe4 dxe4 40.
Qe3 Qxh6 41. Kc2 1/2-1/2

[Event "SR Extraliga 2017/2018"]
[Site "?"]
[Date "2018.03.03"]
[Round "10.6"]
[White "Likavsky, Tomas"]
[Black "Urhegyi, Marton"]
[Result "1-0"]
[WhiteElo "2426"]
[BlackElo "2302"]
[PlyCount "87"]
[EventDate "2017.??.??"]

1. g3 d5 2. Bg2 e5 3. d3 Nf6 4. Nd2 Bd6 5. e3 O-O 6. Ne2 Be6 7. b3 c6 8. Bb2 h6
9. h3 Nh7 10. f4 exf4 11. exf4 Qb6 12. Nd4 Nd7 13. O-O Ndf6 14. Kh2 Rae8 15.
Nxe6 Rxe6 16. Nf3 c5 17. Ne5 d4 18. Nc4 Qc7 19. Nxd6 Qxd6 20. Bxb7 Rfe8 21. Rf2
Nd5 22. Bxd5 Qxd5 23. Qh1 Qd6 24. Raf1 Nf6 25. Bc1 Nd5 26. Qf3 f5 27. Bd2 g6
28. a3 Kh7 29. Rb1 R8e7 30. b4 Ne3 31. bxc5 Qc7 32. Rb2 a5 33. Rb5 a4 34. Bb4
Qc6 35. Qxc6 Rxc6 36. Rb8 Nd1 37. Rd2 Re1 38. Rb7+ Kh8 39. Rb6 Rc7 40. c6 Ne3
41. Rb8+ Kg7 42. Rf2 Rc1 43. Rb7 Nd5 44. Bd6 1-0

[Event "SR Extraliga 2017/2018"]
[Site "?"]
[Date "2018.03.03"]
[Round "10.7"]
[White "Kamody, Mario"]
[Black "Kantorik, Marian"]
[Result "1/2-1/2"]
[WhiteElo "2237"]
[BlackElo "2313"]
[PlyCount "83"]
[EventDate "2017.??.??"]

1. e4 Nc6 2. d4 d5 3. e5 Bf5 4. Nf3 e6 5. c3 f6 6. Qb3 Rb8 7. Be3 Nge7 8. Nbd2
Bg6 9. h4 Nf5 10. h5 Bf7 11. Bf4 fxe5 12. Nxe5 Bd6 13. Ndf3 O-O 14. Bd3 Be8 15.
Bg5 Be7 16. Bxe7 Qxe7 17. g4 Nd6 18. Qc2 Ne4 19. Bxe4 dxe4 20. Qxe4 Nxe5 21.
Nxe5 Bc6 22. Nxc6 bxc6 23. b3 Qg5 24. h6 g6 25. Qxe6+ Rf7 26. Rh3 Qf4 27. Qe3
Qxg4 28. Rg3 Qh5 29. Kd2 Rbf8 30. Rf1 Qh2 31. Ke1 Qh4 32. Kd2 Qh2 33. Kd3 Qh4
34. Qe6 Qxh6 35. Rh3 Qg5 36. Rfh1 Qf4 37. Rg3 Qxf2 38. Rgh3 Kh8 39. Qe5+ Kg8
40. Qe6 Kh8 41. Qe5+ Kg8 42. Qe6 1/2-1/2

[Event "SR Extraliga 2017/2018"]
[Site "?"]
[Date "2018.03.03"]
[Round "10.8"]
[White "Lisko, Frantisek"]
[Black "Turcan, Richard"]
[Result "1-0"]
[WhiteElo "2277"]
[BlackElo "2146"]
[PlyCount "73"]
[EventDate "2017.??.??"]

1. d4 Nf6 2. c4 c5 3. d5 e6 4. Nc3 exd5 5. cxd5 d6 6. e4 g6 7. Nge2 Bg7 8. Ng3
O-O 9. Be2 Re8 10. O-O a6 11. a4 h5 12. f3 Nbd7 13. Be3 Rb8 14. Qd2 Ne5 15.
Rfb1 h4 16. Nf1 h3 17. g4 b5 18. axb5 axb5 19. b4 Bxg4 20. fxg4 Nfxg4 21. bxc5
Qf6 22. Nxb5 Rxb5 23. Rxb5 Nc4 24. Bxc4 Qxa1 25. Ra5 Qe5 26. cxd6 Qxe4 27. d7
Rd8 28. Bd3 Qf3 29. Qe2 Qxe2 30. Bxe2 Nxe3 31. Nxe3 Bd4 32. Kf2 Rxd7 33. Kf3 f5
34. Nc4 g5 35. d6 Kf7 36. Rxf5+ Ke6 37. Ke4 1-0

[Event "SR Extraliga 2017/2018"]
[Site "?"]
[Date "2018.03.03"]
[Round "10.1"]
[White "Balogh, Csaba"]
[Black "Krejci, Jan"]
[Result "1/2-1/2"]
[WhiteElo "2631"]
[BlackElo "2579"]
[PlyCount "57"]
[EventDate "2017.??.??"]

1. e4 e5 2. Nf3 Nf6 3. Nxe5 d6 4. Nf3 Nxe4 5. Nc3 Nxc3 6. dxc3 Be7 7. Be3 O-O
8. Qd2 Nd7 9. O-O-O c6 10. Bd3 Ne5 11. Nxe5 dxe5 12. Qe2 Qa5 13. Bc4 b5 14. Bb3
Qc7 15. c4 b4 16. c5 a5 17. Bc4 a4 18. Rhe1 Ra5 19. Bf4 exf4 20. Qxe7 Qxe7 21.
Rxe7 Rxc5 22. b3 axb3 23. axb3 Be6 24. Bxe6 fxe6 25. h4 Rcf5 26. Rxe6 R8f6 27.
Rd8+ Kf7 28. Rxf6+ gxf6 29. Rd4 1/2-1/2

[Event "SR Extraliga 2017/2018"]
[Site "?"]
[Date "2018.03.03"]
[Round "10.2"]
[White "Leniart, Arkadiusz"]
[Black "Martinovic, Sasa"]
[Result "1/2-1/2"]
[WhiteElo "2482"]
[BlackElo "2604"]
[PlyCount "180"]
[EventDate "2017.??.??"]

1. d4 Nf6 2. c4 g6 3. Nc3 Bg7 4. e4 d6 5. f4 c5 6. dxc5 Qa5 7. Bd3 Nfd7 8. Bd2
Nxc5 9. Bc2 Nc6 10. Nd5 Qd8 11. b4 Nd7 12. Nf3 e6 13. Ne3 a5 14. bxa5 O-O 15.
Rb1 Nxa5 16. Bb4 Nc5 17. e5 Nc6 18. a3 b6 19. exd6 Nxb4 20. axb4 Nb7 21. O-O
Nxd6 22. c5 bxc5 23. bxc5 Nf5 24. Bxf5 exf5 25. Nc4 Qe7 26. Qd6 Qe2 27. Nfd2
Ra6 28. Rfe1 Qxe1+ 29. Rxe1 Rxd6 30. cxd6 Be6 31. Ne5 Rd8 32. Ndc4 Bxe5 33.
Nxe5 Rxd6 34. Kf2 Kg7 35. Nf3 Ra6 36. Rc1 Ra2+ 37. Kg3 Bd5 38. Rd1 Be4 39. Rd6
Ra7 40. Rd8 h6 41. h4 Rb7 42. Rc8 Kf6 43. Re8 Bc6 44. Rc8 Bd5 45. Rd8 Be4 46.
Re8 Rb3 47. Rd8 Ke7 48. Rh8 h5 49. Rc8 Kd6 50. Rd8+ Kc5 51. Rc8+ Kd6 52. Rd8+
Kc7 53. Rd4 Ra3 54. Kf2 Kc6 55. Rd8 Ra2+ 56. Kg3 Kc5 57. Rc8+ Kb4 58. Rc7 Bd5
59. Rc8 Bc4 60. Rb8+ Kc3 61. Rc8 Kb4 62. Rb8+ Kc3 63. Rc8 Kb4 64. Rb8+ Kc5 65.
Rc8+ Kd5 66. Rd8+ Ke6 67. Rd1 f6 68. Nd4+ Kf7 69. Nf3 Ke7 70. Rd4 Bf1 71. Nd2
Ba6 72. Nf3 Bb7 73. Rb4 Bc6 74. Rd4 Ra5 75. Rd2 Bd5 76. Re2+ Kd7 77. Rd2 Kd6
78. Rc2 Rc5 79. Rb2 Rc3 80. Rb6+ Ke7 81. Rb2 Kd6 82. Rb6+ Bc6 83. Rb8 Bd5 84.
Rd8+ Ke6 85. Rg8 Ra3 86. Rb8 Ra2 87. Rd8 Bc4 88. Nd2 Ra3+ 89. Kf2 Bd5 90. Nf3
Ra2+ 1/2-1/2